| 000 | 00514nam a2200181Ia 4500 | ||
|---|---|---|---|
| 008 | 191130s1996##################000#0#eng## | ||
| 020 | _a9780195671575 | ||
| 040 |
_aACL _cACL |
||
| 082 | _a103 BLA | ||
| 100 | _aBlackburn, Simon | ||
| 245 |
_aThe Oxford dictionary of philosophy _cSimon Blackburn |
||
| 260 |
_aOxford _bOxford University Press _cc1996 |
||
| 300 | _a418 p. ; 22 cm | ||
| 650 | _aPhilosophy - Dictionaries | ||
| 990 | _af772be3fac10000c7314c537f626e323 | ||
| 991 | _a255934 | ||
| 999 |
_c294762 _d294762 |
||